Central Library OPAC University of Rajshahi

A short history of English literature / (Record no. 76769)

MARC details
000 -LEADER
fixed length control field 00828cam a22002771 4500
001 - CONTROL NUMBER
control field 76769
003 - CONTROL NUMBER IDENTIFIER
rucl marc code BD-RjUL
005 - DATE AND TIME OF LATEST TRANSACTION
control field 20211209082901.0
008 - FIXED-LENGTH DATA ELEMENTS--GENERAL INFORMATION
fixed length control field 200120s1953 enk 000 0 eng
035 ## - SYSTEM CONTROL NUMBER
System control number (BD-RjUL)76993
040 ## - CATALOGING SOURCE
Original cataloging agency DLC
Transcribing agency NmLcU
Modifying agency OCoLC
-- DLC
Language of cataloging eng
041 ## - LANGUAGE CODE
Language code of text/sound track or separate title eng
042 ## - AUTHENTICATION CODE
Authentication code premarc
082 ## - DEWEY DECIMAL CLASSIFICATION NUMBER
Classification number 820.9
Edition number 19
Author mark and year SAS 1953
100 1# - MAIN ENTRY--PERSONAL NAME
Personal name Evans, B. Ifor
Fuller form of name (Benjamin Ifor),
Dates associated with a name 1899-1982.
9 (RLIN) 237838
245 12 - TITLE STATEMENT
Title A short history of English literature /
Statement of responsibility, etc. by B. Ifor Evans.
260 ## - PUBLICATION, DISTRIBUTION, ETC. (IMPRINT)
Place of publication, distribution, etc. London :
Name of publisher, distributor, etc. Macmillan and co,
Date of publication, distribution, etc. 1953
300 ## - PHYSICAL DESCRIPTION
Pagination xix , 818
Size 19 cm.
490 0# - SERIES STATEMENT
Series statement Pelican books, A 72
504 ## - BIBLIOGRAPHY, ETC. NOTE
Bibliography, etc Include Index
650 #0 - SUBJECT ADDED ENTRY--TOPICAL TERM
Topical term or geographic name as entry element English literature
General subdivision History and criticism.
9 (RLIN) 237839
906 ## - LOCAL DATA ELEMENT F, LDF (RLIN)
a 7
b cbc
c oclcrpl
d u
e ncip
f 19
g y-gencatlg
942 ## - ADDED ENTRY ELEMENTS (KOHA)
Source of classification or shelving scheme Dewey Decimal Classification
Koha item type Books
Holdings
Lost status Source of classification or shelving scheme Damaged status Not for loan Collection code Permanent Location Current Location Shelving location Date acquired Total Checkouts Full call number Date last seen Copy number Koha item type
  Dewey Decimal Classification   Not For Loan Non-fiction Central Library, University of Rajshahi Central Library, University of Rajshahi Reading Room 19/01/2020   820.9 SAS 1953 19/01/2020 C-1 Books